| 000 | 00448nam a2200169Ia 4500 | ||
|---|---|---|---|
| 001 | 18097 | ||
| 005 | 20260306171605.0 | ||
| 008 | 260306s9999||||xx |||||||||||||| ||und|| | ||
| 041 | _aESP | ||
| 082 |
_a658.4012 _bB25 |
||
| 100 |
_aBarreto, Heber Jaime _eAUT |
||
| 245 | 0 |
_aPlaneamiento estratégico sistemático: _buna herramienta eficaz para enfrentar el cambio |
|
| 300 |
_a _c |
||
| 650 | _aGEN | ||
| 654 | _aCAN | ||
| 942 |
_cLIB _dJUS _fJUS _2ddc _n |
||
| 999 |
_c18097 _d18097 |
||